Mots-codes à trouver #1 - Statistiques

Statistiques générales
  • Ce quiz a été pris 384 fois
  • Le résultat moyen est 12 sur 22
Statistiques - réponses
Hint Réponse % Correct
COULEUR / PEAU / JUS / VILLE / FRUIT / PULPE Orange
93%
LUMIÈRE / PAUPIÈRE / TABLEAU / CHINOISE / SILHOUETTE / PEUR Ombre
81%
LIGNE / CHASSE / PILOTE / PAPIER / AILE / PLANEUR Avion
77%
ABEILLE / MÈRE / BEAUTÉ / COURONNE / PALAIS / CONSORT Reine
74%
CROCHET / CARAÏBES / TRÉSOR / INFORMATIQUE / BARBE NOIRE / PLANCHE Pirate
72%
LUMIÈRE / NAISSANCE / MOIS / BISSEXTILE / SCOLAIRE / SABBATIQUE Année
69%
HISTOIRE / OBJET / RÈGLES / ŒUVRE / CONTEMPORAIN / MARTIAL Art
65%
ASCENSEUR / VALISE / TÉLÉPHONIQUE / AVION / PEINTURE / ESSAYAGE Cabine
65%
CACHET / POUPÉE / ABEILLE / BOUGIE / STATUE / ÉPILATION Cire
65%
PAILLE / BOIS / COUP / CHEMINÉE / PHARE / FLAMME Feu
62%
TOILETTE / VELOURS / BASEBALL / PROTECTION / MITAINE / MAIN Gant
61%
REFROIDISSEMENT / FREIN / ARGENT / VAISSELLE / ÉTAT / BOISSON Liquide
58%
CORPS / ÉTAT / MORT / VAGUE / SŒUR / CONSCIENCE Âme
57%
ARRIÈRE / MAUVAIS / JOUR / EXHAUSTEUR / SAVEUR / SENS Goût
48%
POISSONS / PUBLIC / ESSAI / SABLE / ÉCOLE / COFFRE Banc
43%
PASSE / RÉPONSE / ABUS / AUTEUR / AUTORISATION / ANGLE Droit
39%
PROJET / SILENCE / TALION / TEXTE / JUNGLE / RATIFICATION Loi
38%
AVANT / EAU / DÉLIT / GAZ / POINT / CAVALE Fuite
33%
SANG / VENT / JUDO / CONTRÔLE / ESCALADE / ÉLECTRIQUE Prise
33%
DESSIN / ROULETTES / PAIN / BILLETS / VOILE / BOIS Planche
28%
FLEUVE / THÉÂTRE / TEMPS / SOIR / EAU / COLLÈGE Cours
26%
MISE / FEUILLE / CARNET / SOIE / RHUM / CODE Route
25%
Aucun quiz correspondant
Distribution des résultats
% des personnes avec chaque résultat
Percentile par nombre de réponses
Votre historique - résultats
Vous n’avez pas pris ce quiz